Suivez-vous attentivement les JO ? Médailles du 29 juillet - Statistiques

Statistiques générales
  • Ce quiz a été pris 9 fois
  • Le résultat moyen est 25 sur 59
Statistiques - réponses
Sport Date Discipline Pays France % Correct
Equitation 29 juillet Argent Concours complet par équipes France
100%
Canoë-Kayak 29 juillet Or H - C1 France
83%
Cyclisme 29 juillet Argent H - Cross-country France
83%
Escrime 29 juillet Or F - Sabre individuel France
83%
Escrime 29 juillet Argent F - Sabre individuel France
83%
Judo 29 juillet Argent H - Moins de 73 kilos France
83%
Equitation 29 juillet Or Concours complet par équipes Royaume-Uni
83%
Judo 29 juillet Or H - Moins de 73 kilos Azerbaïdjan
67%
Tir à l'arc 29 juillet Or H - par équipes Corée-du-Sud
67%
Judo 29 juillet Bronze F - Moins de 57 kilos France
67%
Tir à l'arc 29 juillet Argent H - par équipes France
67%
Canoë-Kayak 29 juillet Argent H - C1 Royaume-Uni
67%
Cyclisme 29 juillet Or H - Cross-country Royaume-Uni
67%
Canoë-Kayak 29 juillet Bronze H - C1 Slovaquie
67%
Cyclisme 29 juillet Bronze H - Cross-country Afrique-du-Sud
50%
Natation 29 juillet Or F - 100 M brasse Afrique-du-Sud Pas de Française en finale
50%
Gymnastique artistique 29 juillet Argent H - Concours général par équipe Chine
50%
Gymnastique artistique 29 juillet Bronze H - Concours général par équipe Etats-Unis
50%
Escrime 29 juillet Or H - Fleuret individuel Hong-Kong | Chine Pas de Français en finale
50%
Escrime 29 juillet Argent H - Fleuret individuel Italie
50%
Equitation 29 juillet Bronze Concours complet par équipes Japon
50%
Gymnastique artistique 29 juillet Or H - Concours général par équipe Japon Pas de Français en finale
50%
Judo 29 juillet Bronze H - Moins de 73 kilos Japon
50%
Natation 29 juillet Argent H - 200 M nage libre Royaume-Uni
50%
Escrime 29 juillet Bronze F - Sabre individuel Ukraine
50%
Equitation 29 juillet Or Concours complet individuel Allemagne
33%
Equitation 29 juillet Argent Concours complet individuel Australie
33%
Natation 29 juillet Or F - 400 M 4 nages Canada Pas de Française en finale
33%
Plongeon 29 juillet Bronze H - Haut vol 10 M Synchronisé Canada
33%
Natation 29 juillet Argent H - 100 M Dos Chine
33%
Natation 29 juillet Argent F - 100 M brasse Chine
33%
Plongeon 29 juillet Or H - Haut vol 10 M Synchronisé Chine France 8e
33%
Tir 29 juillet Or H - Carabine air comprimé à 10 m Chine Pas de Français en finale
33%
Tir 29 juillet Or F - Carabine air comprimé à 10 m Corée-du-Sud France 5e
33%
Escrime 29 juillet Bronze H - Fleuret individuel Etats-Unis
33%
Natation 29 juillet Bronze H - 200 M nage libre Etats-Unis
33%
Natation 29 juillet Bronze H - 100 M Dos Etats-Unis
33%
Natation 29 juillet Argent F - 400 M 4 nages Etats-Unis
33%
Natation 29 juillet Bronze F - 200 M nage libre Hong-Kong | Chine
33%
Natation 29 juillet Or H - 100 M Dos Italie France 7e
33%
Natation 29 juillet Or H - 200 M nage libre Roumanie Pas de Français en finale
33%
Equitation 29 juillet Bronze Concours complet individuel Royaume-Uni
33%
Plongeon 29 juillet Argent H - Haut vol 10 M Synchronisé Royaume-Uni
33%
Natation 29 juillet Or F - 200 M nage libre Australie Pas de Française en finale
17%
Natation 29 juillet Argent F - 200 M nage libre Australie
17%
Judo 29 juillet Or F - Moins de 57 kilos Canada
17%
Tir 29 juillet Argent F - Carabine air comprimé à 10 m Chine
17%
Judo 29 juillet Argent F - Moins de 57 kilos Corée-du-Sud
17%
Tir 29 juillet Bronze H - Carabine air comprimé à 10 m Croatie
17%
Natation 29 juillet Bronze F - 400 M 4 nages Etats-Unis
17%
Skateboard 29 juillet Argent H - Street Etats-Unis
17%
Skateboard 29 juillet Bronze H - Street Etats-Unis
17%
Natation 29 juillet Bronze F - 100 M brasse Irlande
17%
Judo 29 juillet Bronze F - Moins de 57 kilos Japon
17%
Skateboard 29 juillet Or H - Street Japon Pas de Français en finale
17%
Judo 29 juillet Bronze H - Moins de 73 kilos Moldavie
17%
Tir 29 juillet Argent H - Carabine air comprimé à 10 m Suède
17%
Tir 29 juillet Bronze F - Carabine air comprimé à 10 m Suisse
17%
Tir à l'arc 29 juillet Bronze H - par équipes Turquie
17%
Aucun quiz correspondant
Distribution des résultats
% des personnes avec chaque résultat
Percentile par nombre de réponses
Votre historique - résultats
Vous n’avez pas pris ce quiz